Fundamental Concepts of Architecture : The Vocabulary of Spatial Situations /
This dictionary provides a vocabulary that allows the architecture discourse to go beyond the declaration of constructive relationships or the description of architectonic forms in familiar terms like "roof," "base," "wall," and "axis" or "proportion". The point is to describe the experience of arch...
Saved in:
| Main Authors: | , |
|---|---|
| Format: | eBook |
| Language: | English |
| Published: |
Basel/Berlin/Boston :
Birkhäuser,
2014
©2014 |
| Subjects: | |
| Tags: |
No Tags, Be the first to tag this record!
|
MARC
| LEADER | 00000nam a2200000 i 4500 | ||
|---|---|---|---|
| 001 | 0022801 | ||
| 003 | SK-STU | ||
| 005 | 20240514101021.0 | ||
| 006 | m||||||||||||||||| | ||
| 007 | cr |n||||||||n | ||
| 008 | 150324s2014||||||||||||o|||||||||||eng|| | ||
| 020 | |a 9783034608923 | ||
| 024 | 7 | |a 10.1515/9783034608923 |2 doi | |
| 040 | |a IN-ChSCO |b eng |c IN-ChSCO | ||
| 041 | 0 | |a eng | |
| 100 | 1 | |a Janson, Alban |e author | |
| 245 | 1 | 0 | |a Fundamental Concepts of Architecture : |b The Vocabulary of Spatial Situations / |c Alban Janson, Florian Tigges |
| 260 | |a Basel/Berlin/Boston : |b Birkhäuser, |c 2014 | ||
| 260 | |c ©2014 | ||
| 300 | |a 1 online resource(396p.) : |b illustrations | ||
| 520 | |a This dictionary provides a vocabulary that allows the architecture discourse to go beyond the declaration of constructive relationships or the description of architectonic forms in familiar terms like "roof," "base," "wall," and "axis" or "proportion". The point is to describe the experience of architecture: how exactly does it contribute to the experience of a situation? | ||
| 541 | |a Projekt č. 16-613-03703 - Fond na podporu umenia | ||
| 650 | 0 | 0 | |a náučné slovníky |
| 650 | 0 | 0 | |a Theory of architecture |
| 650 | 0 | 0 | |a Spatial Planning |
| 650 | 0 | 0 | |a architectural concept |
| 650 | 0 | 0 | |a composition |
| 650 | 0 | 0 | |a architectural composition |
| 650 | 0 | 0 | |a dictionary |
| 650 | 0 | 0 | |a design handbook |
| 650 | 0 | 0 | |a priestorové plánovanie |
| 650 | 0 | 0 | |a Architektonická kompozícia |
| 650 | 0 | 0 | |a koncept |
| 650 | 0 | 0 | |a teória architektúry |
| 700 | 1 | |a Tigges, Florian |e author | |
| 996 | |c A* 10157/E |l AAKNST |s P |a 0 |w 0022801_0001 | ||